[Event "59581 I. Budapest Open"]
[Site "Budapest, Hungary"]
[Date "2011.08.24"]
[Round "5.8"]
[White "Kozak, Adam"]
[Black "Halak, Miklos"]
[Result "0-1"]
[WhiteElo "1809"]
[BlackElo "2033"]
[PlyCount "50"]
[EventDate "2011.??.??"]
 
1. d4 c5 2. d5 e6 3. e4 exd5 4. exd5 d6 5. Nf3 a6 6. a4 Ne7 7. c4 g6 8. Bd2 Bg7
9. Bc3 O-O 10. Bxg7 Kxg7 11. Nc3 Bg4 12. Bd3 Nd7 13. O-O Ne5 14. Be2 Bxf3 15.
gxf3 Nf5 16. f4 Nd7 17. Bg4 Nh4 18. Qd3 Nf6 19. Bh3 Nh5 20. Ne2 Qf6 21. f5 Rae8
22. Rae1 Qxb2 23. fxg6 hxg6 24. Qc3+ Qxc3 25. Nxc3 Nf3+ 0-1

[Event "59581 I. Budapest Open"]
[Site "Budapest, Hungary"]
[Date "2011.08.24"]
[Round "5.9"]
[White "Kalmar, Karoly"]
[Black "Farkas, Laszlo"]
[Result "1/2-1/2"]
[WhiteElo "2023"]
[BlackElo "1911"]
[PlyCount "176"]
[EventDate "2011.??.??"]
 
1. e4 c5 2. Nf3 e6 3. d4 cxd4 4. Nxd4 a6 5. Bd3 Qc7 6. O-O b5 7. Qe2 d6 8. Nd2
Bb7 9. N2f3 e5 10. Nf5 g6 11. Ng3 Nd7 12. c3 Nc5 13. Bc2 Rc8 14. Re1 Be7 15.
Bd2 Ne6 16. Bb3 Qd7 17. Rad1 Qc7 18. Bd5 Bxd5 19. exd5 Ng7 20. b3 h5 21. Nf1 f6
22. Ne3 Qb7 23. c4 b4 24. Nc2 a5 25. Qd3 Kf7 26. Bc1 Bd8 27. Nd2 f5 28. Nf1 Bf6
29. g3 h4 30. Qe3 Rh5 31. Qe2 Qd7 32. f3 hxg3 33. hxg3 Rh7 34. Qf2 Bd8 35. Be3
Nf6 36. Bb6 Nge8 37. c5 Bxb6 38. cxb6 Qb7 39. Nce3 Qxb6 40. Rc1 Rc7 41. Rc4 Nd7
42. Kg2 Rxc4 43. bxc4 Nc5 44. Qc2 Kf6 45. g4 f4 46. g5+ Kf7 47. Ng4 Nd7 48. Nd2
Qd8 49. Ne4 Rh5 50. Qa4 Qc7 51. Qb5 Ke7 52. c5 dxc5 53. Ngf6 Rxg5+ 54. Nxg5
Nexf6 55. Qc6 Qd6 56. Rd1 Qxc6 57. dxc6 Nb6 58. c7 Nfd7 59. Ne4 c4 60. Nd6 c3
61. c8=Q Nxc8 62. Nxc8+ Ke8 63. Nd6+ Ke7 64. Nc4 a4 65. Na5 Ke6 66. Rb1 b3 67.
axb3 a3 68. b4 Nb6 69. Nb3 Kd5 70. Ra1 Nc4 71. Kf2 Ne3 72. Rxa3 Kc4 73. Nc1
Kxb4 74. Rb3+ Kc4 75. Ke2 Nf5 76. Rb6 Nd4+ 77. Kf2 c2 78. Na2 Kd3 79. Nb4+ Kc3
80. Nxc2 Kxc2 81. Rxg6 Kd3 82. Rg1 Kc4 83. Rd1 Kd5 84. Re1 Ke6 85. Ra1 Kf5 86.
Ra3 Nc2 87. Rc3 Nb4 88. Kg2 Nd5 1/2-1/2

[Event "59581 I. Budapest Open"]
[Site "Budapest, Hungary"]
[Date "2011.08.24"]
[Round "5.10"]
[White "Kellerwessel, Ralf"]
[Black "Krizsany, Laszlo Sr"]
[Result "1-0"]
[WhiteElo "1863"]
[BlackElo "1944"]
[PlyCount "69"]
[EventDate "2011.??.??"]
 
1. e4 c6 2. d4 d5 3. c4 dxe4 4. Be3 e6 5. a3 f5 6. Nc3 Nf6 7. f3 exf3 8. Nxf3
Bd6 9. Qc2 O-O 10. O-O-O Ng4 11. Bg5 Be7 12. Bxe7 Qxe7 13. Re1 Qc7 14. Kb1 a6
15. h3 Nh6 16. Bd3 b5 17. g4 Qa5 18. Ng5 c5 19. Nxe6 Nc6 20. d5 Nd4 21. Nxd4
cxd4 22. Ne2 Re8 23. Rd1 b4 24. axb4 Qxb4 25. Nxd4 Bd7 26. Nc6 Bxc6 27. dxc6
Qc5 28. g5 Nf7 29. Bxf5 Rf8 30. Be6 Kh8 31. h4 Ne5 32. Rhf1 Nxc6 33. g6 Rfb8
34. Qc3 Ra7 35. Rf5 1-0

[Event "59581 I. Budapest Open"]
[Site "Budapest, Hungary"]
[Date "2011.08.24"]
[Round "5.11"]
[White "Markos, Adam"]
[Black "Balla, Attila"]
[Result "1-0"]
[WhiteElo "1942"]
[BlackElo "1722"]
[PlyCount "53"]
[EventDate "2011.??.??"]
 
1. e4 e5 2. Nf3 Nc6 3. d4 exd4 4. Bc4 Nge7 5. O-O g6 6. Ng5 Ne5 7. Qxd4 N7c6 8.
Qc3 Bb4 9. Qb3 Qe7 10. Bd3 Nd4 11. Qd5 Bc5 12. b4 Bb6 13. a4 Nxd3 14. cxd3 Ne2+
15. Kh1 Nxc1 16. Nxf7 Qxf7 17. Qe5+ Kf8 18. Qxh8+ Ke7 19. Qe5+ Kf8 20. Rxc1 d6
21. Qb2 c6 22. Nd2 Bd8 23. Nc4 Bf6 24. d4 c5 25. bxc5 dxc5 26. Ne5 Qg7 27. Rxc5
1-0

[Event "59581 I. Budapest Open"]
[Site "Budapest, Hungary"]
[Date "2011.08.24"]
[Round "5.12"]
[White "Pollak, Andras"]
[Black "Szatmari, David"]
[Result "0-1"]
[WhiteElo "1700"]
[BlackElo "2021"]
[PlyCount "64"]
[EventDate "2011.??.??"]
 
1. d4 Nf6 2. Nf3 g6 3. c4 Bg7 4. Nc3 d6 5. h3 O-O 6. e4 Nbd7 7. Be3 e5 8. d5 a5
9. Be2 Ne8 10. Qd2 f5 11. Bg5 Ndf6 12. Bd3 f4 13. O-O-O h6 14. Bxf6 Bxf6 15. h4
Bg4 16. Rdg1 c6 17. Be2 Rc8 18. dxc6 bxc6 19. g3 Bg7 20. gxf4 Bxf3 21. Bxf3
Rxf4 22. Bg4 Rb8 23. Be6+ Kh7 24. h5 g5 25. Bf5+ Kh8 26. Rg2 Qb6 27. Rh3 Nf6
28. f3 g4 $6 29. Bxg4 (29. fxg4 $1 Rf1+ 30. Nd1 $16) 29... Nxg4 30. Rxg4 Rxg4
31. fxg4 Qg1+ 32. Qd1 $4 Qg2 0-1

[Event "59581 I. Budapest Open"]
[Site "Budapest, Hungary"]
[Date "2011.08.24"]
[Round "5.13"]
[White "Pammer-Zagroczky, Gabor"]
[Black "Toth, Antal"]
[Result "1-0"]
[WhiteElo "1937"]
[BlackElo "1668"]
[PlyCount "29"]
[EventDate "2011.??.??"]
 
1. e4 c5 2. Nf3 d6 3. Bb5+ Bd7 4. Bxd7+ Nxd7 5. O-O Ngf6 6. Re1 Qc7 7. c3 e5 8.
d4 cxd4 9. cxd4 exd4 10. Nxd4 a6 11. Nc3 Be7 12. Nf5 g6 13. Nxe7 Kxe7 14. Bg5
h6 15. Nd5+ 1-0

[Event "59581 I. Budapest Open"]
[Site "Budapest, Hungary"]
[Date "2011.08.24"]
[Round "5.14"]
[White "Falucskai, Istvan Roland"]
[Black "Szentgyorgyi, Sandor"]
[Result "0-1"]
[WhiteElo "1715"]
[BlackElo "1862"]
[PlyCount "80"]
[EventDate "2011.??.??"]
 
1. e4 c5 2. Nf3 Nc6 3. c3 d5 4. exd5 Qxd5 5. d4 e6 6. Be3 cxd4 7. Nxd4 Nf6 8.
Nd2 a6 9. N2f3 Be7 10. g3 Ne5 11. Bg2 Nc4 12. Bc1 e5 13. Nc2 Qxd1+ 14. Kxd1 O-O
15. Ke2 e4 16. Nfd4 Bg4+ 17. f3 exf3+ 18. Bxf3 Rfe8 19. Kf2 Bxf3 20. Kxf3 Bc5
21. b3 Ne5+ 22. Kg2 b5 23. Ba3 Bb6 24. Rad1 Rac8 25. Bb2 Ne4 26. Rhe1 Nxc3 27.
Rd2 Bxd4 28. Nxd4 b4 29. Nf3 Nxf3 30. Rxe8+ Rxe8 31. Kxf3 Nxa2 32. Bxg7 Nc1 33.
Bb2 Nxb3 34. Rd3 Nc5 35. Rd5 Rc8 36. Ke3 Na4 37. Bd4 Nc3 38. Ra5 b3 39. Kd2 b2
40. Kc2 b1=Q+ 0-1

[Event "59581 I. Budapest Open"]
[Site "Budapest, Hungary"]
[Date "2011.08.24"]
[Round "5.15"]
[White "Lakat, Gyula"]
[Black "Vinnay, Istvan"]
[Result "1-0"]
[WhiteElo "1859"]
[BlackElo "1720"]
[PlyCount "45"]
[EventDate "2011.??.??"]
 
1. e4 c5 2. Nf3 e6 3. b3 Nc6 4. Bb5 d6 5. O-O Bd7 6. Bb2 a6 7. Bxc6 Bxc6 8. Re1
Nf6 9. d3 Be7 10. Nbd2 O-O 11. h3 Rc8 12. Nh2 e5 13. c4 Ne8 14. g4 Bd7 15. Ndf1
Nc7 16. Ne3 Ne6 17. Nd5 Bc6 18. Nxe7+ Qxe7 19. Nf1 Qh4 20. Re3 g6 21. Rg3 Nf4
22. Qf3 Kh8 23. Qxf4 1-0

[Event "59581 I. Budapest Open"]
[Site "Budapest, Hungary"]
[Date "2011.08.24"]
[Round "5.16"]
[White "Farkas, Akos"]
[Black "Zsembery, Aron"]
[Result "1-0"]
[WhiteElo "1683"]
[BlackElo "1856"]
[PlyCount "127"]
[EventDate "2011.??.??"]
 
1. e4 c6 2. d3 d5 3. Nd2 e5 4. g3 Bd6 5. Bg2 Ne7 6. Ngf3 d4 7. Nc4 f6 8. O-O
Be6 9. Nxd6+ Qxd6 10. h4 Nd7 11. Nh2 O-O-O 12. f4 exf4 13. Bxf4 Ne5 14. Nf3
N7g6 15. Nxe5 Nxe5 16. Qe1 b6 17. a4 h6 18. a5 b5 19. Rc1 g5 20. hxg5 hxg5 21.
Bxe5 Qxe5 22. Qf2 Rh6 23. c3 Kb7 24. cxd4 Rxd4 25. a6+ Kb6 26. b4 Bd7 27. Rc5
Qd6 28. Rd5 cxd5 29. Qxd4+ Kc7 30. Qxa7+ Kd8 31. Qc5 Qxc5+ 32. bxc5 f5 33. a7
Ra6 34. exf5 Bc6 35. f6 Ke8 36. f7+ Kf8 37. Rf6 Ra1+ 38. Kh2 Ba8 39. Rf5 g4 40.
Bxd5 Bxd5 41. Rxd5 Ra2+ 42. Kg1 Rxa7 43. c6 Rc7 44. Rc5 b4 45. d4 Kxf7 46. d5
Ke7 47. Rb5 Kd6 48. Kf2 Ra7 49. Ke3 Ra3+ 50. Kf4 b3 51. Kxg4 Ra4+ 52. Kh5 Rd4
53. g4 b2 54. g5 Rxd5 55. Rxb2 Kxc6 56. Re2 Rd1 57. Kh6 Rh1+ 58. Kg7 Kd5 59. g6
Rg1 60. Kh7 Rh1+ 61. Kg8 Rg1 62. g7 Rg3 63. Rh2 Ke6 64. Kh7 1-0

[Event "59581 I. Budapest Open"]
[Site "Budapest, Hungary"]
[Date "2011.08.24"]
[Round "5.17"]
[White "Medve, Mark"]
[Black "Schatzer, Andras"]
[Result "1-0"]
[WhiteElo "1635"]
[BlackElo "1798"]
[PlyCount "61"]
[EventDate "2011.??.??"]
 
1. d4 d5 2. c4 e6 3. Nf3 c5 4. g3 Nc6 5. dxc5 Bxc5 6. cxd5 exd5 7. Bg2 Be6 8.
O-O Nf6 9. Nbd2 Qd7 10. Nb3 Be7 11. Be3 Bh3 12. Nc5 Bxc5 13. Bxc5 Bxg2 14. Kxg2
Ne4 15. Ba3 Nd8 16. Qb3 g5 17. Rfd1 g4 18. Rxd5 gxf3+ 19. exf3 Nd2 20. Qe3+ Qe6
21. Re5 Nc4 22. Rxe6+ Nxe6 23. Qc3 O-O-O 24. Qxc4+ Kb8 25. Bc5 Rc8 26. b4 Rhd8
27. Rc1 Nc7 28. Qf4 Ka8 29. Bxa7 Ne6 30. Rxc8+ Rxc8 31. Qxf7 1-0

[Event "59581 I. Budapest Open"]
[Site "Budapest, Hungary"]
[Date "2011.08.24"]
[Round "5.18"]
[White "Czimer, Jozsef"]
[Black "Mihaly, Zoltan"]
[Result "0-1"]
[WhiteElo "1750"]
[BlackElo "1745"]
[PlyCount "118"]
[EventDate "2011.??.??"]
 
1. e4 c5 2. Nf3 Nc6 3. d4 cxd4 4. Nxd4 g6 5. Be3 Bg7 6. Qd2 Nf6 7. f3 Nxd4 8.
Bxd4 O-O 9. Nc3 d6 10. Bc4 Qc7 11. Bb3 Bd7 12. Nd5 Nxd5 13. Bxg7 Kxg7 14. Qxd5
Qb6 15. O-O-O Be6 16. Qd3 Bxb3 17. axb3 Kg8 18. Qd4 Qb5 19. Qd5 Qb6 20. Rd3
Rfc8 21. Qd4 Qa5 22. Kb1 Rc6 23. b4 Qg5 24. g3 a5 25. bxa5 Rxa5 26. Ra3 Rca6
27. Qd3 Qc5 28. Ka2 Qf2 29. Rd1 Qxh2 30. g4 Qe5 31. Qb3 Rb5 32. Rxa6 bxa6 33.
Qc3 Qxc3 34. bxc3 Kg7 35. Rd4 Kf6 36. Ra4 Rb6 37. Ra5 Ke6 38. c4 Rc6 39. Kb3
Kf6 40. Kc3 e5 41. Kd3 Kg5 42. c5 dxc5 43. Kc4 h5 44. gxh5 gxh5 45. Kd5 Rc8 46.
Kxe5 Re8+ 47. Kd5 Kf4 48. Rxa6 Re5+ 49. Kc4 Kxf3 50. Rf6+ Kxe4 51. Rxf7 Rf5 52.
Re7+ Kf4 53. Re1 h4 54. Rh1 Rh5 55. Kd3 Kf3 56. Rf1+ Kg2 57. Rf4 h3 58. Ke4 h2
59. Rg4+ Kf2 0-1

[Event "59581 I. Budapest Open"]
[Site "Budapest, Hungary"]
[Date "2011.08.24"]
[Round "5.19"]
[White "Krstulovic, Alex"]
[Black "Lajtos, Levente"]
[Result "1/2-1/2"]
[WhiteElo "1597"]
[BlackElo "1704"]
[PlyCount "112"]
[EventDate "2011.??.??"]
 
1. d4 d5 2. c4 e5 3. dxe5 d4 4. Nf3 Nc6 5. g3 Nge7 6. Bg2 Ng6 7. O-O Bc5 8. Bg5
Qd7 9. Nbd2 b6 10. Nb3 Bb7 11. Qc2 h6 12. Bd2 Qe7 13. Nxc5 bxc5 14. Rad1 O-O
15. Qf5 Rab8 16. e6 Qxe6 17. Qxc5 Rfd8 18. b3 Rd6 19. Qa3 h5 20. h4 Nce7 21.
Qxa7 Nc6 22. Qa3 Nce7 23. Ng5 Qc8 24. Ne4 Ra6 25. Qb2 Bxe4 26. Bxe4 Nxh4 27.
Qxd4 Qh3 28. Bh7+ Kxh7 29. Qxh4 Qxh4 30. gxh4 Rg6+ 31. Kh2 Rg4 32. Rg1 Rxh4+
33. Kg2 Rb6 34. Kf1 Rd4 35. Rxg7+ Kxg7 36. Bc3 c5 37. Rxd4 cxd4 38. Bxd4+ Rf6
39. Bxf6+ Kxf6 40. Kg2 Ke5 41. Kf3 Kd4 42. Kf4 Kc3 43. Kg5 Kb2 44. Kxh5 Kxa2
45. c5 Kxb3 46. Kg5 Kc4 47. Kf6 Nc6 48. Kxf7 Kxc5 49. Kf6 Kd5 50. Kg5 Nd4 51.
e3 Nf3+ 52. Kf4 Nd2 53. Kg4 Ke4 54. Kg5 Nf3+ 55. Kg4 Nd2 56. Kg3 Nf3 1/2-1/2

[Event "59581 I. Budapest Open"]
[Site "Budapest, Hungary"]
[Date "2011.08.24"]
[Round "5.20"]
[White "Bartuszek, Andras"]
[Black "Matos, Balint"]
[Result "1-0"]
[WhiteElo "1883"]
[BlackElo "1628"]
[PlyCount "71"]
[EventDate "2011.??.??"]
 
1. e4 c5 2. Nf3 Nc6 3. d4 cxd4 4. Nxd4 g6 5. Be3 Bg7 6. Nc3 Nf6 7. Be2 O-O 8.
Qd2 d6 9. f3 Bd7 10. O-O-O Rc8 11. Kb1 Ne5 12. Bh6 Nc4 13. Bxc4 Rxc4 14. Bxg7
Kxg7 15. g4 Rh8 16. h4 Qb6 17. h5 Rcc8 18. g5 Nxh5 19. Nd5 Qd8 20. Nf5+ Bxf5
21. exf5 Ng3 22. f6+ exf6 23. gxf6+ Kf8 24. Qh6+ Ke8 25. Rhe1+ Kd7 26. Re7+ Kc6
27. Qf4 b5 28. c4 Nf5 29. cxb5+ Kxb5 30. Qb4+ Ka6 31. Qa4+ Qa5 32. Rxa7+ Kxa7
33. Qxa5+ Kb7 34. Qb6+ Ka8 35. Rd3 Rhe8 36. Ra3# 1-0

[Event "59581 I. Budapest Open"]
[Site "Budapest, Hungary"]
[Date "2011.08.24"]
[Round "5.21"]
[White "Sarkozi, Ferenc"]
[Black "Moharos, Viktor"]
[Result "1-0"]
[WhiteElo "1939"]
[BlackElo "1523"]
[PlyCount "68"]
[EventDate "2011.??.??"]
 
1. e4 e6 2. d4 b6 3. c4 Bb7 4. f3 Bb4+ 5. Nc3 Ne7 6. Nge2 Ng6 7. Bd2 Bd6 8. Qc2
Nc6 9. Nb5 Nce7 10. e5 a6 11. exd6 axb5 12. dxe7 Qxe7 13. cxb5 Rc8 14. Bc3 Bd5
15. Qd2 Nh4 16. Qf4 g5 17. Qg3 f5 18. f4 Rg8 19. fxg5 Ng6 20. h4 d6 21. Nf4
Nxf4 22. Qxf4 Kd7 23. a3 Rce8 24. O-O-O Qf7 25. Qf2 Be4 26. Bd3 Bd5 27. Rhg1
Rgf8 28. Be2 Be4 29. Bf3 Qg6 30. Qe3 h6 31. gxh6 Qg3 32. Qg5 Qf2 33. Qd2 Qxh4
34. Rh1 Qf6 1-0

[Event "59581 I. Budapest Open"]
[Site "Budapest, Hungary"]
[Date "2011.08.24"]
[Round "5.22"]
[White "Karacsonyi, Gellert"]
[Black "Szoukup, Istvan"]
[Result "0-1"]
[WhiteElo "1269"]
[BlackElo "1825"]
[PlyCount "58"]
[EventDate "2011.??.??"]
 
1. e4 e5 2. Nf3 Nc6 3. Bb5 a6 4. Bxc6 dxc6 5. O-O Bg4 6. h3 h5 7. d3 Qf6 8.
Nbd2 g5 9. c3 O-O-O 10. hxg4 hxg4 11. Nh2 Qh6 12. Qxg4+ Kb8 13. Qg3 Rxd3 14.
Ndf3 Be7 15. Be3 Nf6 16. Qh3 Qg7 17. Qf5 g4 18. Nxe5 Bd6 19. Nexg4 Rh5 20. Qxf6
Bxh2+ 21. Nxh2 Qxf6 22. Rad1 Qh4 23. Bf4 Rxd1 24. Rxd1 Qxf4 25. g3 Qh6 26. Rd8+
Ka7 27. Ng4 Qc1+ 28. Rd1 Qxd1+ 29. Kg2 Qh1# 0-1

[Event "59581 I. Budapest Open"]
[Site "Budapest, Hungary"]
[Date "2011.08.24"]
[Round "5.23"]
[White "Mihajlova, Diana"]
[Black "Nebenfuhrer, Gyorgy"]
[Result "0-1"]
[WhiteElo "1443"]
[BlackElo "1605"]
[PlyCount "126"]
[EventDate "2011.??.??"]
 
1. e4 c5 2. c3 e5 3. Bc4 Nf6 4. d3 Nc6 5. Bg5 Be7 6. Bxf6 Bxf6 7. Bd5 Qb6 8.
Qc2 d6 9. Nd2 O-O 10. Nc4 Qc7 11. Ne2 Bd7 12. O-O Rab8 13. a3 Ne7 14. Ne3 Nxd5
15. Nxd5 Qd8 16. c4 b5 17. b4 Bg5 18. f4 exf4 19. Nexf4 f5 20. Nh3 Bh6 21. Nhf4
Qh4 22. Rae1 g5 23. Ne7+ Kh8 24. Nfd5 Bg7 25. Qd2 f4 26. Rf3 Bg4 27. Rxf4 gxf4
28. Rf1 f3 29. Nf5 Bxf5 30. exf5 f2+ 31. Kh1 Be5 32. g3 Qh3 33. Rxf2 Rxf5 34.
Ne3 Rxf2 35. Qxf2 Re8 36. Qf7 Rg8 37. Qf1 Qxf1+ 38. Nxf1 Bd4 39. g4 Rf8 40. Ng3
Rf2 41. Ne4 Ra2 42. Nxd6 Rxa3 43. bxc5 Bxc5 44. Nb7 Bf8 45. c5 b4 46. c6 Rc3
47. Na5 b3 48. Nc4 b2 49. Nxb2 Rc1+ 50. Kg2 Rc2+ 51. Kf3 Rxb2 52. Ke4 Rb5 53.
d4 Bd6 54. h4 a5 55. Kd3 a4 56. Kc4 Rb8 57. Kd5 Bc7 58. Ke6 a3 59. Kd7 Bf4 60.
d5 a2 61. c7 Bxc7 62. Kxc7 Rb3 63. d6 a1=Q 0-1

[Event "59581 I. Budapest Open"]
[Site "Budapest, Hungary"]
[Date "2011.08.24"]
[Round "5.25"]
[White "Nemeth, Jozsef"]
[Black "Indig, Akos"]
[Result "1-0"]
[WhiteElo "1671"]
[BlackElo "1373"]
[PlyCount "73"]
[EventDate "2011.??.??"]
 
1. e4 e5 2. Nf3 Nc6 3. Bb5 a6 4. Ba4 Nf6 5. d3 b5 6. Bb3 Be7 7. c3 d6 8. h3 O-O
9. O-O Bb7 10. Re1 Na5 11. Bc2 c5 12. d4 exd4 13. cxd4 d5 14. e5 Ne4 15. Nc3
Nxc3 16. bxc3 c4 17. a4 b4 18. cxb4 Bxb4 19. Bd2 Bxd2 20. Qxd2 Qb6 21. Rab1 Nb3
22. Bxb3 cxb3 23. Qb2 Bc6 24. Qa3 Rab8 25. Re3 Qa5 26. Rexb3 Rxb3 27. Rxb3 Qxa4
28. Qb2 Bb5 29. Nd2 Rb8 30. Nb1 Qc4 31. Na3 Qf1+ 32. Kh2 h5 33. Qd2 Rb6 34. Rb1
Rg6 35. Rxf1 Bxf1 36. g3 h4 37. g4 1-0

[Event "59581 I. Budapest Open"]
[Site "Budapest, Hungary"]
[Date "2011.08.25"]
[Round "6.1"]
[White "Torok, Tamas Titusz"]
[Black "Koczo, Kristof"]
[Result "0-1"]
[WhiteElo "2059"]
[BlackElo "2242"]
[PlyCount "34"]
[EventDate "2011.??.??"]
 
1. e4 c5 2. d4 cxd4 3. c3 Nf6 4. e5 Nd5 5. Nf3 Nc6 6. cxd4 d6 7. Bc4 dxe5 8.
Bxd5 Qxd5 9. Nc3 Qd6 10. d5 Nd4 11. Nxd4 exd4 12. Qxd4 e5 13. Qd3 Bd7 14. O-O
f5 15. Re1 Kf7 16. Nb5 Qf6 17. f4 Qb6+ 0-1

[Event "59581 I. Budapest Open"]
[Site "Budapest, Hungary"]
[Date "2011.08.25"]
[Round "6.2"]
[White "Rajcsanyi, Peter"]
[Black "Barabas, Attila"]
[Result "0-1"]
[WhiteElo "1896"]
[BlackElo "2001"]
[PlyCount "96"]
[EventDate "2011.??.??"]
 
1. e4 e5 2. Nf3 d6 3. Bc4 Be7 4. d4 exd4 5. Nxd4 Nf6 6. Nc3 Bd7 7. O-O Nc6 8.
Nf5 Bxf5 9. exf5 Qd7 10. Bd3 Ne5 11. Bg5 Nxd3 12. Qxd3 O-O 13. a4 h6 14. Bh4
Rfe8 15. Rfe1 Rad8 16. h3 a6 17. Rad1 Kf8 18. Re2 Ng8 19. Bxe7+ Rxe7 20. Rde1
Rxe2 21. Rxe2 c6 22. g4 d5 23. b4 Nf6 24. f3 Qd6 25. Kg2 Qxb4 26. Ne4 Qxa4 27.
Nxf6 gxf6 28. Qe3 Kg7 29. Qe7 Qc4 30. Rf2 Rh8 31. Kg3 b5 32. h4 Qc3 33. Re2 a5
34. g5 a4 35. g6 Rf8 36. Qa7 Qc4 37. Re7 d4 38. Rd7 c5 39. Rc7 Qd5 40. Rxc5
Qd6+ 41. f4 d3 42. Rc7 Qd5 43. Rd7 dxc2 44. Rxd5 c1=Q 45. Rd7 Qc3+ 46. Kg2 Qb2+
47. Kg3 Qb3+ 48. Kg4 h5+ 0-1

[Event "59581 I. Budapest Open"]
[Site "Budapest, Hungary"]
[Date "2011.08.25"]
[Round "6.3"]
[White "Palla, Akos Botond"]
[Black "Szalontay, Mihaly"]
[Result "1-0"]
[WhiteElo "1824"]
[BlackElo "1971"]
[PlyCount "129"]
[EventDate "2011.??.??"]
 
1. e4 Nf6 2. e5 Nd5 3. d4 d6 4. c4 Nb6 5. exd6 exd6 6. Nc3 g6 7. Qe2+ Qe7 8.
Qxe7+ Bxe7 9. Bd3 Nc6 10. Nge2 Bg4 11. b3 Nb4 12. Be4 f5 13. Bb1 Bxe2 14. Nxe2
Bf6 15. a3 Nc6 16. Bb2 Kd7 17. Bd3 Na5 18. Bc3 Nc6 19. O-O-O d5 20. c5 Nc8 21.
Rhe1 N8e7 22. Bc2 Rae8 23. Ng1 Nc8 24. Nf3 Rxe1 25. Rxe1 Re8 26. Rxe8 Kxe8 27.
Kd2 N8e7 28. h3 Nd8 29. g4 fxg4 30. hxg4 Nec6 31. b4 Ne6 32. Bb3 Nexd4 33. Bxd5
Nxf3+ 34. Bxf3 Bxc3+ 35. Kxc3 Ke7 36. g5 Ke6 37. a4 Kf5 38. a5 Nd8 39. b5 Kxg5
40. Kd4 Kf4 41. Bg2 c6 42. a6 Ne6+ 43. Kc3 Nxc5 44. axb7 Nxb7 45. bxc6 Nd6 46.
Kb4 Ke5 47. Kc5 g5 48. Bf3 h6 49. c7 a5 50. Bd1 h5 51. Bxh5 a4 52. Kb4 a3 53.
Kb3 Kf4 54. Be2 g4 55. Kxa3 g3 56. fxg3+ Kxg3 57. Kb4 Kf4 58. Kc5 Ke5 59. Kc6
Nc8 60. Bc4 Kf6 61. Ba6 Ne7+ 62. Kd6 Nf5+ 63. Kd7 Ne7 64. Bc4 Nc6 65. Kxc6 1-0

[Event "59581 I. Budapest Open"]
[Site "Budapest, Hungary"]
[Date "2011.08.25"]
[Round "6.4"]
[White "Teglas, Balazs"]
[Black "Markos, Adam"]
[Result "1-0"]
[WhiteElo "2207"]
[BlackElo "1942"]
[PlyCount "111"]
[EventDate "2011.??.??"]
 
1. d4 d5 2. Bf4 Nf6 3. e3 c5 4. c3 Nc6 5. Nd2 e6 6. Bd3 Bd6 7. dxc5 Bxc5 8.
Ngf3 O-O 9. O-O Qe7 10. e4 dxe4 11. Nxe4 Nxe4 12. Bxe4 e5 13. Bg3 Bg4 14. Re1
Bd6 15. Qc2 Bxf3 16. Bxf3 Rac8 17. Be4 g6 18. f4 f6 19. Rad1 Qc7 20. fxe5 Bxe5
21. Bxe5 fxe5 22. Qb3+ Kh8 23. Qe6 Rcd8 24. Bxc6 Rxd1 25. Rxd1 bxc6 26. h3 Qb6+
27. Kh2 Qxb2 28. Qxe5+ Kg8 29. Rd7 Qb8 30. Qxb8 Rxb8 31. Rxa7 Rb2 32. Rc7 Rxa2
33. Rxc6 Kg7 34. Kg3 h5 35. h4 Ra3 36. Kf4 Ra2 37. g3 Rf2+ 38. Ke3 Rg2 39. Kf3
Rg1 40. Re6 Rc1 41. Re3 Kf6 42. Ke4 g5 43. Rf3+ Kg6 44. Kd4 gxh4 45. gxh4 Rg1
46. Rf4 Rg4 47. Ke5 Rg1 48. c4 Rc1 49. Kd5 Rd1+ 50. Rd4 Rc1 51. c5 Kf6 52. Kd6
Kf7 53. c6 Ke8 54. c7 Rc2 55. Re4+ Kf7 56. Re5 1-0

[Event "59581 I. Budapest Open"]
[Site "Budapest, Hungary"]
[Date "2011.08.25"]
[Round "6.5"]
[White "Farkas, Richard"]
[Black "Kozma, Gabor"]
[Result "1/2-1/2"]
[WhiteElo "2039"]
[BlackElo "1927"]
[PlyCount "89"]
[EventDate "2011.??.??"]
 
1. e4 c5 2. Nf3 Nc6 3. d4 cxd4 4. Nxd4 Nf6 5. Nc3 e5 6. Ndb5 d6 7. Bg5 a6 8.
Na3 b5 9. Bxf6 gxf6 10. Nd5 Bg7 11. Bd3 Ne7 12. Nxe7 Qxe7 13. O-O O-O 14. c4 f5
15. cxb5 fxe4 16. Bxe4 Rb8 17. Qe2 axb5 18. Nxb5 f5 19. Bd5+ Kh8 20. a4 e4 21.
Ra3 Ba6 22. Rd1 Rfc8 23. f3 Bxb5 24. axb5 e3 25. Qxe3 Qxe3+ 26. Rxe3 Rxb5 27.
b3 Be5 28. Re2 Ra5 29. g3 f4 30. Kg2 Rc7 31. Red2 h5 32. g4 hxg4 33. fxg4 Kg7
34. h4 Rc3 35. Rd3 Ra2+ 36. Kf3 Rcc2 37. Ke4 Rh2 38. h5 Kf6 39. Bc6 Rhe2+ 40.
Kf3 Rf2+ 41. Ke4 Rfe2+ 42. Kf3 Rf2+ 43. Ke4 Rfe2+ 44. Kf3 Rf2+ 45. Ke4 1/2-1/2

[Event "59581 I. Budapest Open"]
[Site "Budapest, Hungary"]
[Date "2011.08.25"]
[Round "6.6"]
[White "Halak, Miklos"]
[Black "Kellerwessel, Ralf"]
[Result "1-0"]
[WhiteElo "2033"]
[BlackElo "1863"]
[PlyCount "67"]
[EventDate "2011.??.??"]
 
1. e4 e6 2. d4 d5 3. Nc3 Nf6 4. Bg5 Be7 5. e5 Nfd7 6. h4 O-O 7. Qg4 f6 8. Qxe6+
Kh8 9. exf6 Nxf6 10. Qe2 Bb4 11. O-O-O Bxc3 12. bxc3 Nc6 13. f3 Qd6 14. Bxf6
Rxf6 15. Qe8+ Rf8 16. Qh5 Bf5 17. g4 Bg6 18. Qg5 Qa3+ 19. Kd2 Qxa2 20. Rc1 Rf6
21. h5 Bf7 22. h6 Rxh6 23. Rxh6 gxh6 24. Qf6+ Kg8 25. Bd3 Qa3 26. Qxh6 Bg6 27.
Bxg6 hxg6 28. Qxg6+ Kf8 29. Qf6+ Kg8 30. Qe6+ Kg7 31. g5 Rf8 32. Qh6+ Kg8 33.
Qg6+ Kh8 34. Ne2 1-0

[Event "59581 I. Budapest Open"]
[Site "Budapest, Hungary"]
[Date "2011.08.25"]
[Round "6.7"]
[White "Ruck, Robert"]
[Black "Schubert, Gyula"]
[Result "0-1"]
[WhiteElo "1930"]
[BlackElo "2105"]
[PlyCount "58"]
[EventDate "2011.??.??"]
 
1. e4 d6 2. d4 Nf6 3. Nc3 g6 4. f3 c6 5. Be3 b5 6. Qd2 Nbd7 7. g4 Nb6 8. g5 Nh5
9. d5 b4 10. Qd4 Bg7 11. Qxb4 c5 12. Qa5 O-O 13. O-O-O f5 14. gxf6 exf6 15. Bb5
a6 16. Bc6 Rb8 17. b3 f5 18. Nge2 fxe4 19. fxe4 Rf3 20. Bd2 Qf6 21. Qa3 Rf2 22.
Be3 Rf3 23. Bd2 g5 24. Rhg1 h6 25. Be8 Nf4 26. Nxf4 Rxf4 27. Rde1 Qe5 28. Bc6
Rf2 29. Nb1 Nc4 0-1

[Event "59581 I. Budapest Open"]
[Site "Budapest, Hungary"]
[Date "2011.08.25"]
[Round "6.8"]
[White "Szentgyorgyi, Sandor"]
[Black "Kalmar, Karoly"]
[Result "1-0"]
[WhiteElo "1862"]
[BlackElo "2023"]
[PlyCount "101"]
[EventDate "2011.??.??"]
 
1. e4 c6 2. d4 d5 3. e5 Bf5 4. h4 h6 5. g4 Bd7 6. h5 e6 7. Bd3 c5 8. dxc5 Bxc5
9. Nf3 Nc6 10. c3 a5 11. Nbd2 a4 12. a3 Qc7 13. Qe2 Nge7 14. Kf1 Ba7 15. Bc2
Bb8 16. Nb1 Na5 17. Bf4 Nc4 18. Bd3 Qb6 19. Bxc4 dxc4 20. Be3 Qc7 21. Nbd2 b5
22. Ne4 Qc6 23. Bc5 Nd5 24. Nd4 Qa6 25. Nd6+ Bxd6 26. Bxd6 Bc6 27. Rh2 O-O-O
28. Qd2 Rhe8 29. f4 Ne7 30. Ke2 Be4 31. Qe3 Qb7 32. Kd2 Bd3 33. Re1 Rd7 34. Nc2
Bxc2 35. Kxc2 Qc6 36. Rhe2 Nd5 37. Qf2 Kb7 38. g5 Rh8 39. Rg1 Ne7 40. Bxe7 Rxe7
41. Qh4 Rd7 42. g6 fxg6 43. Rxg6 Qd5 44. Qe1 Qd3+ 45. Kc1 Qf5 46. Qg3 Qxh5 47.
Qg2+ Kb8 48. Rxe6 Rhd8 49. Rb6+ Ka7 50. Rd6 Qf5 51. Qf2+ 1-0

[Event "59581 I. Budapest Open"]
[Site "Budapest, Hungary"]
[Date "2011.08.25"]
[Round "6.9"]
[White "Szatmari, David"]
[Black "Lakat, Gyula"]
[Result "1-0"]
[WhiteElo "2021"]
[BlackElo "1859"]
[PlyCount "63"]
[EventDate "2011.??.??"]
 
1. e4 c5 2. Nf3 d6 3. d4 cxd4 4. Nxd4 Nf6 5. f3 a6 6. Nc3 g6 7. Be3 Bg7 8. Qd2
Nc6 9. g4 Be6 10. O-O-O Rc8 11. Bh6 Bf8 12. Bxf8 Rxf8 13. Nxe6 fxe6 14. Bc4 Qd7
15. Qh6 Ne5 16. Bb3 Nf7 17. Qe3 b5 18. h3 Rc5 19. f4 Qc8 20. g5 Nh5 21. Ne2 Nd8
22. Rhf1 Nc6 23. f5 exf5 24. exf5 Re5 25. Qd2 Rfxf5 26. Rxf5 Qxf5 27. h4 Kf8
28. Qc3 Qe4 29. Nd4 Qf4+ 30. Kb1 Nd8 31. Qc8 Ke8 32. Nc6 1-0